000 00827cam a2200241 ab4500
005 20260319115102.0
008 991125d1999 pe tr p 000 0 spa d
003
035 _aUPN01000068001
040 _aMX-MxUPN
_bspa
_cMX-MxUPN
_eaacr
100 1 _aPagano, Ana
_942256
100 1 _aTurner, Lidia
100 1 _aGhiso, Alfredo
245 1 _aComentando la declaración de Hamburgo
530 _aDisponible también en versión electrónica
650 4 _aEducación de adultos
_9956
773 _gNo. 14, (1998), p. 9-17
_tLa piragua : revista latinoamericana y caribeña de educación y política
_x2073-0810
856 4 _uhttps://biblioteca.isauroarancibia.org.ar/wp-content/uploads/2020/11/LA-PIRAGUA-14.pdf
902 _bLorena Izquierdo/260925
904 _aAC
_b005812
905 _aArticulo
942 _cAI
999 _c64308
_d64308